[Event "SVK-ch U12"]
[Site "Tatralandia"]
[Date "2024.04.11"]
[Round "8"]
[White "Chupac, Matej"]
[Black "Vengrin, Leo"]
[Result "1-0"]
[WhiteElo "1000"]
[BlackElo "1000"]
[PlyCount "85"]
[EventDate "2024.04.05"]
[EventType "swiss"]
[EventRounds "9"]
[EventCountry "SVK"]
[SourceTitle "CB16_2024"]
[SourceDate "2024.04.17"]
[SourceVersion "1"]
[SourceVersionDate "2024.04.17"]
[SourceQuality "1"]

1. e4 c5 2. Nc3 g6 3. d3 Bg7 4. Be3 b6 5. Nf3 d6 6. d4 Nc6 7. Bb5 Bd7 8. 0-0 Nf6 9. h3 a6 10. Bd3 0-0 11. Qd2 Re8 12. Bh6 Bh8 13. d5 Nb4 14. a3 Nxd3 15. cxd3 Qc8 16. e5 dxe5 17. Nxe5 b5 18. Nxd7 Nxd7 19. b4 Qc7 20. Bf4 Qb7 21. a4 a5 22. axb5 axb4 23. Rxa8 Rxa8 24. Ne4 f5 25. Ng5 Qxb5 26. Ne6 Ra3 27. d4 cxd4 28. Nxd4 Qxd5 29. Qxb4 Rd3 30. Be3 Bxd4 31. Bxd4 Rxd4 32. Qb1 Nc5 33. Qb8+ Kg7 34. Qb2 Nd3 35. Qb1 Nf4 36. f3 Rc4 37. Rd1 Qb5 38. Qxb5 Rc2 39. Qb4 Rxg2+ 40. Kh1 g5 41. Qxe7+ Kh6 42. Rg1 Re2 43. Qxg5# 1-0

[Event "SVK-ch U12"]
[Site "Tatralandia"]
[Date "2024.04.09"]
[Round "6"]
[White "Demko, Adam"]
[Black "Chupac, Matej"]
[Result "1-0"]
[WhiteElo "1000"]
[BlackElo "1000"]
[PlyCount "113"]
[EventDate "2024.04.05"]
[EventType "swiss"]
[EventRounds "9"]
[EventCountry "SVK"]
[SourceTitle "CB16_2024"]
[SourceDate "2024.04.17"]
[SourceVersion "1"]
[SourceVersionDate "2024.04.17"]
[SourceQuality "1"]

1. e4 e5 2. Bc4 Nf6 3. Nc3 a6 4. Nf3 Nc6 5. Ng5 Qe7 6. d3 h6 7. Nf3 d6 8. Be3 b5 9. Bd5 Nxd5 10. Nxd5 Qd7 11. 0-0 Be7 12. Nb6 Qg4 13. Nxa8 0-0 14. Nxc7 Nd4 15. h3 Nxf3+ 16. Qxf3 Qxf3 17. gxf3 Bxh3 18. Rfd1 Bc8 19. c4 Bb7 20. Rac1 Kh7 21. cxb5 axb5 22. Nxb5 d5 23. Nc7 dxe4 24. fxe4 Bc8 25. a4 Bg4 26. Re1 Bb4 27. Rf1 Bh3 28. Rfd1 Bg4 29. f3 Bxf3 30. Rf1 Be2 31. Rf2 Bxd3 32. Bc5 Bxc5 33. Rxc5 f6 34. Ne6 Ra8 35. b3 Bxe4 36. Nc7 Rc8 37. Re2 Bd3 38. Re3 Bc2 39. Rg3 Bf5 40. b4 Bd7 41. b5 f5 42. a5 Bxb5 43. Rxb5 Rxc7 44. a6 f4 45. Rf3 Ra7 46. Ra5 e4 47. Rxf4 e3 48. Re4 g6 49. Rxe3 h5 50. Rg3 Kh6 51. Kg2 g5 52. Rgxg5 Rxa6 53. Rxa6+ Kh7 54. Re5 Kg7 55. Re7+ Kf8 56. Rb7 Ke8 57. Ra8# 1-0

[Event "SVK-ch U12"]
[Site "Tatralandia"]
[Date "2024.04.07"]
[Round "4"]
[White "Obtulovic, Simon"]
[Black "Chupac, Matej"]
[Result "1-0"]
[WhiteElo "1000"]
[BlackElo "1000"]
[PlyCount "77"]
[EventDate "2024.04.05"]
[EventType "swiss"]
[EventRounds "9"]
[EventCountry "SVK"]
[SourceTitle "CB16_2024"]
[SourceDate "2024.04.17"]
[SourceVersion "1"]
[SourceVersionDate "2024.04.17"]
[SourceQuality "1"]

1. e4 e5 2. Nf3 Nc6 3. Bc4 Nf6 4. Nc3 Bb4 5. d3 Bxc3+ 6. bxc3 d6 7. 0-0 0-0 8. Bg5 h6 9. Bh4 Bg4 10. Rb1 b6 11. Bd5 Bd7 12. d4 Rb8 13. Qd3 Qe7 14. Qb5 Qe8 15. Bxf6 Na5 16. Qe2 Bc6 17. Bxc6 Qxc6 18. Bg5 hxg5 19. Nxg5 f6 20. d5 Nc4 21. dxc6 Na3 22. Rb3 fxg5 23. Rxa3 a5 24. Qc4+ Kh8 25. Re1 b5 26. Qd5 a4 27. Re3 g6 28. Rh3+ Kg7 29. Qe6 Rh8 30. Qe7+ Kg8 31. Rxh8+ Kxh8 32. c4 bxc4 33. Rh3+ Kg8 34. Qh7+ Kf8 35. Qh8+ Ke7 36. Qxb8 Kf6 37. Rf3+ Kg7 38. Qf8+ Kh7 39. Rh3# 1-0

[Event "SVK-ch U12"]
[Site "Tatralandia"]
[Date "2024.04.06"]
[Round "2"]
[White "Sotnik, Simon"]
[Black "Chupac, Matej"]
[Result "1-0"]
[WhiteElo "1442"]
[BlackElo "1000"]
[PlyCount "101"]
[EventDate "2024.04.05"]
[EventType "swiss"]
[EventRounds "9"]
[EventCountry "SVK"]
[SourceTitle "CB16_2024"]
[SourceDate "2024.04.17"]
[SourceVersion "1"]
[SourceVersionDate "2024.04.17"]
[SourceQuality "1"]

1. d4 d5 2. c4 c6 3. Nc3 Nf6 4. Nf3 h6 5. e3 e6 6. c5 Ne4 7. Bd2 Nxc3 8. Bxc3 Be7 9. Bd3 0-0 10. 0-0 b6 11. b4 Na6 12. a3 bxc5 13. dxc5 Nb8 14. Bc2 Ba6 15. Re1 Bb5 16. a4 Ba6 17. Qd4 Bf6 18. Qd2 Bxc3 19. Qxc3 Nd7 20. Rad1 Nf6 21. e4 Re8 22. Ne5 Qc7 23. Nxc6 Qxc6 24. b5 Bxb5 25. axb5 Qxb5 26. Ra1 Qb7 27. c6 Qc7 28. e5 Ng4 29. Rab1 Rec8 30. Ba4 Rab8 31. h3 Rxb1 32. Rxb1 Nxe5 33. Rb7 Qd6 34. c7 Nd7 35. Bxd7 Qxd7 36. Rb8 Kh7 37. Rb7 f5 38. Rxa7 Kg6 39. Qg3+ Kf6 40. Qh4+ Kg6 41. Qg3+ Kf6 42. Qc3+ d4 43. Qc2 d3 44. Qc3+ e5 45. Ra6+ Kg5 46. Qxe5 d2 47. Qe3+ f4 48. Qe5+ Qf5 49. h4+ Kg4 50. Qxg7+ Kh5 51. Rxh6# 1-0